Surge protective devices : High voltage standards collection

שמור ב:
מידע ביבליוגרפי
מחבר תאגידי: IEEE
פורמט: ספר
שפה:Undetermined
יצא לאור: New York IEEE, Inc. 2005
נושאים:
תגים: הוספת תג
אין תגיות, היה/י הראשונ/ה לתייג את הרשומה!
Thư viện lưu trữ: Trung tâm Học liệu Trường Đại học Cần Thơ
LEADER 00536nam a2200205Ia 4500
001 CTU_103246
008 210402s9999 xx 000 0 und d
020 |c 222.50 
082 |a 621.392 
082 |b S961 
110 |a IEEE 
245 0 |a Surge protective devices : 
245 0 |b High voltage standards collection 
245 0 |c IEEE 
260 |a New York 
260 |b IEEE, Inc. 
260 |c 2005 
650 |a Systems engineering,Computer systems 
904 |i Năm 
980 |a Trung tâm Học liệu Trường Đại học Cần Thơ